[Event "World Open"]
[Site "Leon ESP"]
[Date "2008.12.27"]
[Round "7"]
[White "Vazquez Igarza,R"]
[Black "Sokolov,Iv NED"]
[Result "1-0"]
[WhiteElo "2546"]
[BlackElo "2650"]

1.d4 d5 2.c4 c6 3.Nf3 Nf6 4.Nc3 dxc4 5.a4 Bf5 6.Ne5 Nbd7 7.Nxc4 Nb6 8.Ne5 a5
9.g3 e6 10.Bg2 Bb4 11.O-O h6 12.e3 O-O 13.Qe2 Bh7 14.Rd1 Nfd7 15.Nd3 Bxd3
16.Qxd3 e5 17.Qc2 exd4 18.exd4 Nf6 19.Bf4 Re8 20.Qb3 Nfd5 21.Bd2 Nf6 22.Bf4 Qd7
23.Be5 Nfd5 24.Nxd5 Nxd5 25.Bxd5 cxd5 26.Rac1 Rac8 27.Qf3 Rc6 28.Kg2 Rec8
29.Rxc6 Rxc6 30.h4 Rc2 31.b3 b5 32.Qd3 Rc3 33.Qxb5 Qxb5 34.axb5 Rxb3 35.b6 Be7
36.Ra1 Rb5 37.b7 Rxb7 38.Rxa5 Rd7 39.h5  1-0

[Event "5th Open"]
[Site "Vandoeuvre les Nancy FRA"]
[Date "2008.12.27"]
[Round "3"]
[White "Amigues,E"]
[Black "Gozzoli,Y"]
[Result "1/2-1/2"]
[WhiteElo "2355"]
[BlackElo "2503"]

1.d4 d5 2.c4 c6 3.Nf3 Nf6 4.Nc3 dxc4 5.a4 Bf5 6.Ne5 Nbd7 7.Nxc4 Qc7 8.g3 e5
9.dxe5 Nxe5 10.Bf4 Nfd7 11.Bg2 g5 12.Ne3 gxf4 13.Nxf5 O-O-O 14.Qc2 Nc5 15.O-O fxg3
16.hxg3 a5 17.Ne4 Nxe4 18.Bxe4 Bb4 19.Rad1 h5 20.Kg2 Ng6 21.Ne3 Ne5 22.Nf5 Ng6
23.Ne3 Ne5 24.Nf5  1/2-1/2

[Event "Masters"]
[Site "Hastings ENG"]
[Date "2008.12.28"]
[Round "1"]
[White "Knott,S"]
[Black "Anderson,J"]
[Result "1/2-1/2"]
[WhiteElo "2348"]
[BlackElo "2213"]

1.Nf3 d5 2.d4 Nf6 3.c4 c6 4.Nc3 dxc4 5.a4 Bf5 6.e3 e6 7.Bxc4 Bb4 8.O-O O-O
9.Qe2 Bg4 10.h3 Bh5 11.g4 Bg6 12.Ne5 Nbd7 13.Nxg6 hxg6 14.Rd1 Qe7 15.e4 e5
16.d5 Rfd8 17.Bg5 Rac8 18.Rd3 Nc5 19.Re3 Rd7 20.h4 Qd6 21.dxc6 bxc6 22.Rd1 Qc7
23.Rxd7 Qxd7 24.Bxf6 gxf6 25.Qf3 Kg7 26.g5 fxg5 27.hxg5 Qe7 28.Qg4 Ne6 29.Bxe6 Qxe6
30.Qxe6 fxe6 31.Rd3 Rc7 32.Nd1 Be7 33.Ne3 Bxg5 34.Nc4 c5 35.b3 Kf6 36.Kf1 Bf4
37.Ke2 g5 38.Rd8 Rb7 39.Rd3 g4 40.Rc3 Rd7 41.Ne3 Bxe3  1/2-1/2

[Event "Open"]
[Site "Pamplona ESP"]
[Date "2008.12.28"]
[Round "8"]
[White "Ros Octavio de Toledo,E"]
[Black "Perez Marchal,J"]
[Result "1/2-1/2"]
[WhiteElo "2198"]
[BlackElo "1854"]

1.Nf3 d5 2.d4 Nf6 3.c4 c6 4.Nc3 dxc4 5.a4 Bf5 6.e3 e6 7.Bxc4 Nbd7 8.O-O Bg4
9.h3 Bh5 10.a5 Qc7 11.e4 Bb4 12.a6 b5 13.Be2 Bxc3 14.bxc3 Nxe4 15.Qc2 Nef6
16.Ba3 Nd5 17.c4 bxc4 18.Qxc4 Rb8 19.Rfc1 Rb6 20.Rab1 Rxb1 21.Rxb1 N5b6 22.Qb4 Nb8
23.Qa5 Bg6 24.Rc1 f6 25.Nd2 Nd5 26.Qc5 Qe7 27.Nc4 Qxc5 28.Bxc5 Kd7 29.Ra1 Nc3
30.Bf1 Nb5  1/2-1/2

[Event "1st Asian Clubs"]
[Site "Al Ain UAE"]
[Date "2008.12.29"]
[Round "5"]
[White "Amir,K"]
[Black "Al Tarbosh,W"]
[Result "1-0"]
[WhiteElo "2265"]
[BlackElo "2137"]

1.d4 d5 2.c4 c6 3.Nc3 Nf6 4.Nf3 dxc4 5.a4 Bf5 6.e3 e6 7.Bxc4 Bb4 8.O-O Nbd7
9.Qb3 Qb6 10.e4 Bg6 11.e5 Nd5 12.Nxd5 exd5 13.Be2 Nf8 14.Be3 Ne6 15.Qd1 Be7
16.Bd3 O-O-O 17.a5 Qc7 18.a6 b6 19.Qd2 Kb8 20.Rfc1 Qd7 21.Ne1 Rc8 22.b4 Rhd8
23.Rc2 Be4 24.f3 Bxd3 25.Nxd3 f5 26.exf6 Bxf6 27.Bf4+ Nxf4 28.Qxf4+ Qd6 29.Ne5 Ka8
30.Rac1 Bxe5 31.dxe5 Qe6 32.Qg5 Rd7 33.f4 Rf7  1-0

[Event "17th Donau Open"]
[Site "Aschach AUT"]
[Date "2008.12.30"]
[Round "6"]
[White "Knechtel,R"]
[Black "Sadilek,P"]
[Result "0-1"]
[WhiteElo "2265"]
[BlackElo "2183"]

1.d4 d5 2.Nf3 Nf6 3.c4 c6 4.Nc3 dxc4 5.a4 Bf5 6.Ne5 e6 7.Nxc4 Bb4 8.e3 c5
9.dxc5 O-O 10.Qxd8 Rxd8 11.f3 Bc2 12.Be2 Nfd7 13.e4 Nxc5 14.O-O Nb3 15.Be3 Nxa1
16.Rxa1 Nc6 17.a5 Bxc3 18.bxc3 Bd3 19.Kf2 Rac8 20.Nb2 Bxe2 21.Kxe2 f6 22.Nd3 Kf7
23.Ra2 Rd7 24.Nc5 Rdc7 25.Nb3 Ne5 26.Bd2 Nc4 27.Be1 Rc6 28.Ra1 Ra6 29.Bf2 b6
30.Rd1 bxa5 31.Rd7+ Kg6 32.Nc5 Rac6 33.Nb3 R8c7 34.Rd1 e5 35.Ra1 Rb7 36.Nc5 Rb2+
37.Ke1 Rxf2  0-1

[Event "Masters"]
[Site "Hastings ENG"]
[Date "2008.12.31"]
[Round "4"]
[White "Rudd,J"]
[Black "McDonnell,J"]
[Result "1-0"]
[WhiteElo "2344"]
[BlackElo "2041"]

1.d4 d5 2.c4 c6 3.Nf3 Nf6 4.Nc3 dxc4 5.a4 Bf5 6.e3 e6 7.Bxc4 Bb4 8.O-O O-O
9.Ne2 Nbd7 10.Ng3 Bg6 11.Nh4 Nb6 12.Nxg6 hxg6 13.Bd3 c5 14.dxc5 Bxc5 15.Qe2 a6
16.b3 Qe7 17.Bb2 Nfd5 18.Ne4 Bb4 19.a5 Nd7 20.Bc4 N5f6 21.Ng3 Rac8 22.Ra4 Rfd8
23.e4 e5 24.Qe3 Bc5 25.Qg5 Bd6 26.Raa1 Nb8 27.Rad1 Kf8 28.Rd3 Nc6 29.Qh4 Ng8
30.Qh8 Nxa5 31.Bd5 Rc7 32.Rf3 Qe8 33.h4 Nc6 34.h5 Nb4 35.hxg6 Nxd5 36.exd5 f6
37.Nf5 Qxg6 38.Nxd6 Rxd6 39.Ba3 Rd7 40.Rc1 Kf7 41.Bxd6 Rxd6 42.Rc8  1-0

[Event "38th Rilton Cup 2008-9"]
[Site "Stockholm SWE"]
[Date "2009.01.03"]
[Round "7"]
[White "Tikkanen,H"]
[Black "Hammar,U"]
[Result "1-0"]
[WhiteElo "2415"]
[BlackElo "2197"]

1.d4 d5 2.c4 c6 3.Nf3 Nf6 4.Nc3 dxc4 5.a4 Bf5 6.e3 e6 7.a5 Bb4 8.Qa4 Qe7
9.Bxc4 O-O 10.O-O Nbd7 11.Nh4 Ne4 12.Nxf5 exf5 13.Qb3 Ndf6 14.f3 Nxc3 15.bxc3 Bd6
16.g3 Rac8 17.Bd3 g6 18.e4 fxe4 19.fxe4 Nxe4 20.Bh6 Ng5 21.Kg2 Ne6 22.Bxf8 Rxf8
23.Rae1 Kg7 24.Bc4 Re8 25.Re2 Qd7 26.Bxe6 fxe6 27.Ref2 Re7 28.c4 c5 29.Qf3 Qc6
30.d5 Qe8 31.Qc3+ e5 32.Rf6 Bb8 33.Qb2 Qa4 34.Qf2 Qxc4 35.Rxg6+ hxg6 36.Qf8+ Kh7
37.Qxe7+ Kh6 38.Qf8+ Kh5 39.Rf3 Qe2+ 40.Kh3 Qe4 41.Qh8+ Kg5 42.Qh4+ Qxh4+
43.gxh4+ Kh5 44.Rf8  1-0

[Event "Open A"]
[Site "Gjovik NOR"]
[Date "2009.01.04"]
[Round "6"]
[White "Thingstad,E"]
[Black "Bryn,T"]
[Result "1/2-1/2"]
[WhiteElo "2065"]
[BlackElo "2025"]

1.d4 d5 2.c4 c6 3.Nf3 Nf6 4.Nc3 dxc4 5.a4 Bf5 6.e3 e6 7.Bxc4 Bb4 8.O-O O-O
9.Qe2 Bg4 10.h3 Bh5 11.Rd1 Nbd7 12.e4 Qe7 13.e5 Nd5 14.Nxd5 cxd5 15.Bd3 Bg6
16.Bxg6 fxg6 17.Be3 Rac8 18.Rac1 Nb6 19.b3 Ba3 20.Rxc8 Rxc8 21.Ra1 a6 22.Qa2 Bb4
23.Rc1 Qe8 24.Qb2 h6 25.Rc2 Kf7 26.Qc1 g5 27.Rc7+ Kg8 28.Bd2 Bxd2 29.Nxd2 Qd8
30.Rc5 Rxc5 31.Qxc5 Nc8 32.b4 Ne7 33.Nb3 b6 34.Qd6 Qxd6 35.exd6 Nc6 36.b5 axb5
37.axb5 Nb8 38.Nc5 Kf7 39.d7 Ke7 40.Nxe6 Nxd7 41.Nxg7 Kf6 42.Nh5+ Kg6 43.g4 Nf8
44.Ng3 Ne6 45.Nf5 Nc7 46.Kg2 h5 47.Ne7+ Kf7 48.Nc8 hxg4 49.hxg4 Nxb5 50.Nxb6 Ke6
51.f4  1/2-1/2

[Event "Australian Open"]
[Site "Manly Sydney AUS"]
[Date "2009.01.04"]
[Round "4"]
[White "Svendsen,Pet"]
[Black "Schon,E"]
[Result "0-1"]
[WhiteElo "2007"]
[BlackElo "2115"]

1.d4 d5 2.c4 c6 3.Nc3 dxc4 4.Nf3 Nf6 5.a4 Bf5 6.e3 e6 7.Bxc4 Bb4 8.O-O O-O
9.h3 Ne4 10.Qb3 a5 11.g4 Bg6 12.Ne5 Nd6 13.Nxg6 hxg6 14.Bd3 c5 15.d5 e5 16.e4 Nd7
17.f4 c4 18.Bxc4 Nc5 19.Qa2 Ndxe4 20.Nxe4 Nxe4 21.fxe5 Qh4 22.Rf3 Bc5+ 23.Kg2 f5
24.exf6 Rxf6 25.Qb3 Raf8 26.d6+ Kh7 27.Rxf6 Rxf6 28.Bg8+ Kh8  0-1

[Event "Open A"]
[Site "Gjovik NOR"]
[Date "2009.01.05"]
[Round "7"]
[White "Urkedal,F"]
[Black "Bjerke,R"]
[Result "0-1"]
[WhiteElo "2316"]
[BlackElo "2179"]

1.d4 d5 2.c4 c6 3.Nf3 Nf6 4.Nc3 dxc4 5.a4 Bf5 6.Ne5 Na6 7.f3 Nd7 8.Nxc4 e5
9.e4 exd4 10.exf5 dxc3 11.Qe2+ Be7 12.Nd6+ Kf8 13.Nxb7 Qb6 14.bxc3 Nc7 15.Qb2 Rb8
16.Qd2 Qxb7 17.Qxd7 Rd8 18.Ba6 Qxa6 19.Qxc7 Qd3 20.Ra2 Qd1+ 21.Kf2 Bc5+ 22.Be3 Bxe3+
23.Kxe3 Re8+ 24.Kf4 Qxh1 25.Qd6+ Kg8 26.Re2 Qxh2+ 27.Kg4 h5+  0-1

[Event "38th Rilton Cup 2008-9"]
[Site "Stockholm SWE"]
[Date "2009.01.05"]
[Round "9"]
[White "Bellon Lopez,JuM"]
[Black "Blomqvist,E"]
[Result "0-1"]
[WhiteElo "2440"]
[BlackElo "2418"]

1.d4 d5 2.c4 c6 3.Nf3 Nf6 4.Nc3 dxc4 5.a4 Bf5 6.Ne5 Nbd7 7.Nxc4 Nb6 8.Ne3 Bg6
9.g3 a5 10.Bg2 e6 11.O-O Bb4 12.Nc2 Bxc2 13.Qxc2 Qxd4 14.Be3 Qd8 15.Rfd1 Nbd7
16.Qb3 Qc7 17.Rac1 O-O 18.Nb5 Qb8 19.Nd4 Nd5 20.Bg5 h6 21.Bxd5 exd5 22.Bf4 Qd8
23.Nc2 Nc5 24.Qf3 Nxa4 25.Nxb4 axb4 26.Rd4 Qe7 27.Bd2 Rfe8 28.Kf1 Ra6 29.Rxb4 c5
30.Rf4 Nxb2 31.Bc3 Nc4 32.Qxd5 b5 33.Re1 Ra3 34.Rf3 Ra2 35.Kg2 Qc7 36.e4 Rd8
37.Qf5 Ra6 38.e5 Re6 39.Re4 Qb7 40.Qg4 Rde8 41.Qf5 R8e7 42.Kh3 Qd5 43.g4 b4
44.Qf4 g5 45.Qf5 bxc3 46.Rxc3 Nxe5 47.f4 gxf4 48.Rxf4 Ng6 49.Rff3 Re5 50.Qc8+ Re8
51.Qc7 h5  0-1

[Event "14th Open"]
[Site "Bosnjaci CRO"]
[Date "2009.01.07"]
[Round "7"]
[White "Zivanic,M"]
[Black "Dejanovic,Mladen"]
[Result "1-0"]
[WhiteElo "2463"]
[BlackElo "2067"]

1.d4 d5 2.c4 c6 3.Nf3 Nf6 4.Nc3 dxc4 5.a4 Bf5 6.Nh4 Bg6 7.Nxg6 hxg6 8.e4 e6
9.Bxc4 Nbd7 10.Be3 Qc7 11.h3 Bb4 12.Qc2 e5 13.Bxf7+ Kxf7 14.Qb3+ Ke8 15.Qxb4 exd4
16.Qxd4 Qe5 17.Qc4 Rh5 18.f4 Qe7 19.O-O Kd8 20.e5 Ne8 21.Rad1 g5 22.e6  1-0

[Event "Open A"]
[Site "Prague CZE"]
[Date "2009.01.15"]
[Round "8"]
[White "Vokac,M"]
[Black "Trichkov,V"]
[Result "1-0"]
[WhiteElo "2454"]
[BlackElo "2336"]

1.d4 d5 2.c4 c6 3.Nf3 Nf6 4.Nc3 dxc4 5.a4 Bf5 6.Ne5 e6 7.f3 Bb4 8.e4 Nxe4
9.fxe4 Qh4+ 10.Ke2 Bxe4 11.Nxe4 Qxe4+ 12.Kf2 c3 13.Be2 cxb2 14.Bxb2 Qh4+
15.g3 Qf6+ 16.Kg2 O-O 17.d5 exd5 18.Nd3 Qe7 19.Nxb4 Re8 20.Bh5 Qxb4 21.Bxf7+ Kh8
22.Bxg7+ Kxg7 23.Bxe8 Qe4+ 24.Qf3 Qxe8 25.Rae1 Qf7 26.Qxf7+ Kxf7 27.Rhf1+ Kg7
28.Re7+ Kg6 29.Rf8 d4 30.Rxb7 d3 31.Kf3 Nd7 32.Rxa8 Nc5 33.Rc7  1-0

[Event "Bela Perenyi Mem"]
[Site "Budapest HUN"]
[Date "2009.01.17"]
[Round "9"]
[White "Koczo,K"]
[Black "Zentai,P2"]
[Result "1/2-1/2"]
[WhiteElo "2220"]
[BlackElo "2228"]

1.d4 d5 2.Nf3 Nf6 3.c4 c6 4.Nc3 dxc4 5.a4 Bf5 6.e3 e6 7.Bxc4 Bb4 8.O-O Nbd7
9.Nh4 Be4 10.Nxe4 Nxe4 11.Nf3 Qe7 12.Bd3 Nef6 13.e4 e5 14.dxe5 Nxe5 15.Nxe5 Qxe5
16.Qe2 O-O 17.f4 Qe7 18.e5 Rfe8 19.Kh1 Nd5 20.Bd2 Rad8 21.Qe4 g6 22.Be1 a5
23.Bg3 Nf6 24.Qf3 Nh5 25.Rad1 Nxg3+ 26.hxg3 Rd5 27.Bc4 Rxd1 28.Rxd1 Rd8 29.Rxd8+  1/2-1/2

[Event "Petrovskaya Ladya GM2"]
[Site "Peterhof RUS"]
[Date "2009.01.18"]
[Round "7"]
[White "Khuseinkhodzhaev,M"]
[Black "Savchenko,S"]
[Result "0-1"]
[WhiteElo "2373"]
[BlackElo "2572"]

1.d4 d5 2.c4 c6 3.Nf3 Nf6 4.Nc3 dxc4 5.a4 Bf5 6.e3 e6 7.Bxc4 Bb4 8.O-O O-O
9.Nh4 Qe7 10.f3 Rd8 11.Qb3 Bg6 12.Nxg6 hxg6 13.Na2 Ba5 14.Rd1 c5 15.Bd2 Bxd2
16.Rxd2 cxd4 17.exd4 Nc6 18.Qe3 Rac8 19.Nc3 Qb4 20.d5 Qxc4 21.dxc6 Rxd2 22.cxb7 Rxb2
23.bxc8=Q+ Qxc8 24.Rc1 Qa6 25.Qd4 Qb6 26.Qxb6 axb6 27.Nb5 Nd5 28.Rc8+ Kh7
29.Nd6 f6 30.h4 g5 31.hxg5 fxg5 32.Ne4 Kg6 33.Rc6 Kf5 34.Nd6+ Kf4 35.Rc4+ Ke5
36.Nf7+ Kf6 37.Nd6 Ne3 38.Re4 Nxg2 39.Nc4 Ra2 40.Nxb6 Nh4 41.Re3 Kf5 42.Kf1 Kf4
43.Re2 Ra3 44.Rxe6 Nxf3 45.Rg6 Ra2  0-1

[Event "Queenstown Classic"]
[Site "Queenstown NZL"]
[Date "2009.01.20"]
[Round "6"]
[White "Voon,R"]
[Black "Gao,J"]
[Result "1-0"]
[WhiteElo "1976"]
[BlackElo "1911"]

1.Nf3 d5 2.d4 Nf6 3.c4 c6 4.Nc3 dxc4 5.a4 Bf5 6.Ne5 e6 7.Nxc4 Qc7 8.f3 Nbd7
9.e4 Bg6 10.Be2 Rd8 11.O-O Nb6 12.e5 Nfd5 13.Ne4 Nxc4 14.Bxc4 Nb6 15.Be2 Be7
16.Be3 O-O 17.Qc1 Nd5 18.Bf2 Bb4 19.Rd1 Ne7 20.Qc4 a5 21.Rac1 Nf5 22.Ng5 Qd7
23.Nh3 h6 24.Nf4 Bh7 25.Bd3 Be7 26.Be4 Bg5 27.g3 Ne7 28.Qc2 Bxe4 29.fxe4 Rc8
30.Qe2 c5 31.Rc4 cxd4 32.Rcxd4 Qc7 33.h4 Bxf4 34.gxf4 Nc6 35.Rd7 Qb8 36.Bb6 Nxe5
37.fxe5 Qxe5 38.Bd4 Qf4 39.Qg2 e5 40.Bc3 Rc4 41.Re1 Qxh4 42.Re2 Qf6 43.Rxb7 Qf4
44.Rb5 Rxa4 45.Rxa5 Rxa5 46.Bxa5 Rc8 47.Bc3 Ra8 48.Re1 g5 49.Qh3 g4 50.Qe3 Kh7
51.Bd2 Qxe3+ 52.Rxe3 Kg6 53.Kg2 f5 54.exf5+ Kxf5 55.Kg3 Ra1 56.Re2 h5 57.Bc3 e4
58.Rf2+ Kg6 59.Rf6+ Kg5 60.Re6 Rh1 61.Rxe4 h4+ 62.Kg2 Rh3 63.Be1 Rf3 64.Re8 h3+
65.Kh2 Kf4 66.Rf8+ Ke3 67.Rxf3+ Kxf3 68.Bg3 Ke4 69.Bb8 Kd4 70.Kg3 Kc4 71.Be5 Kb3
72.Bf6 Kb4 73.Kh2 Kc4 74.Be5 Kb3 75.Kg3 Kc4 76.Kxg4 h2 77.Bxh2  1-0

[Event "1st Open"]
[Site "Gurgon IND"]
[Date "2009.01.23"]
[Round "4"]
[White "Lalith,B"]
[Black "Suvrajit,S"]
[Result "1-0"]
[WhiteElo "2477"]
[BlackElo "2368"]

1.Nf3 Nf6 2.c4 c6 3.d4 d5 4.Nc3 dxc4 5.a4 Bf5 6.Nh4 Bd7 7.g3 e6 8.e4 Bb4
9.Bg2 c5 10.O-O O-O 11.Bg5 cxd4 12.Qxd4 Nc6 13.Qxc4 Bxc3 14.Qxc3 Nxe4 15.Bxe4 Qxg5
16.Qd3 Rfd8 17.Bxh7+ Kh8 18.Be4 Be8 19.Qb3 Na5 20.Qa2 Qe7 21.b3 Bc6 22.Rae1 Qb4
23.Bxc6 Nxc6 24.Re3 Rd2 25.Qb1 Rad8 26.Nf3 R2d5 27.Re4 Qc3 28.Re3 Rd3 29.Rfe1 Kg8
30.Kg2 a5 31.h4 R8d5 32.Ng5 Kf8 33.Rc1 Rxe3 34.Rxc3 Rxc3 35.Qh7 Rxb3 36.Qh8+ Ke7
37.Qxg7 Rf5 38.h5 Ne5 39.h6 Ng6 40.Nxf7 Nh4+ 41.gxh4 Rxf7 42.Qg5+ Kd7 43.Qxa5 Rb2
44.Qc5 Ke8 45.Kg3 Rb3+ 46.Kg4 Kd8 47.Qd6+ Rd7 48.Qxd7+ Kxd7 49.h7 Rb4+ 50.Kg5 b5
51.h8=Q  1-0

[Event "TCh-HUN 2008-9"]
[Site "Paks HUN"]
[Date "2009.01.25"]
[Round "6"]
[White "Farago,I"]
[Black "Videki,S"]
[Result "0-1"]
[WhiteElo "2489"]
[BlackElo "2428"]

1.d4 d5 2.c4 c6 3.Nf3 Nf6 4.Nc3 dxc4 5.a4 Bf5 6.Ne5 Nbd7 7.Nxc4 Qc7 8.g3 e5
9.dxe5 Nxe5 10.Bf4 Nfd7 11.Bg2 g5 12.Ne3 gxf4 13.Nxf5 O-O-O 14.Qc2 Kb8 15.O-O fxg3
16.hxg3 h5 17.Qe4 Nc5 18.Qh4 Ng6 19.Qf6 h4 20.Rfd1 Re8 21.b4 hxg3 22.bxc5 gxf2+
23.Kf1 Qh2 24.Rd8+ Kc7 25.Qxf7+ Be7 26.Nb5+ Kxd8 27.Rd1+ Kc8 28.Nxe7+ Rxe7
29.Nd6+ Qxd6 30.Rxd6 Rxf7 31.Rxg6 Rh5  0-1

[Event "ch-PriFO"]
[Site "Kazan RUS"]
[Date "2009.01.28"]
[Round "8"]
[White "Shinkevich,V"]
[Black "Alavkin,A"]
[Result "1/2-1/2"]
[WhiteElo "2516"]
[BlackElo "2464"]

1.d4 d5 2.c4 c6 3.Nc3 Nf6 4.Nf3 dxc4 5.a4 Bf5 6.Nh4 Bc8 7.e3 e5 8.Bxc4 exd4
9.exd4 Bd6 10.h3 Qe7+ 11.Be2 Nh5 12.Nf3 Nf4 13.Bxf4 Bxf4 14.O-O O-O 15.Re1 Qb4
16.a5 Nd7 17.Ra4 Qd6 18.d5 Nf6 19.Qd4 Bh6 20.dxc6 Qxd4 21.Nxd4 bxc6 22.Nxc6 Bd7
23.Rc4 Bxc6 24.Rxc6 Rab8 25.Rb1 Rfe8 26.Bc4 Bf4 27.g3 Bd2 28.Rc7 Bxc3 29.Bxf7+ Kf8
30.Bxe8 Bxa5 31.Rxa7 Bb6 32.Rf7+ Kxe8 33.Rxg7 Kf8 34.Rg5 Bxf2+ 35.Kg2 Rb3
36.Rf5 Bd4 37.Rd1 Rxb2+ 38.Kf1 Rb4 39.Rf4 Bc3 40.Rf3 Bd4 41.Rf4 Bc3 42.Rxb4 Bxb4
43.g4 Kg7 44.Rb1 Bd6 45.Kg2 Kg6 46.Rb6 Bf4 47.h4 h6 48.Kf3 Bc1 49.Rc6 Bd2
50.Rc7 h5 51.g5 Nh7 52.Rc6+ Kg7 53.Rc7+ Kg6 54.Rc6+ Kg7 55.Ke2 Bf4 56.Rc4 Be5
57.Kf3 Nf8 58.Ra4 Ng6 59.Ke4 Bg3 60.Ra7+ Kg8 61.Kf5 Nxh4+ 62.Kf6 Be1 63.Rg7+ Kf8
64.Rc7 Kg8 65.Rc8+ Kh7 66.Rc7+ Kg8 67.Rc4 Bg3 68.Ra4 Be1 69.Ra8+ Kh7 70.Ra7+ Kg8
71.Rg7+ Kf8 72.Rc7 Kg8 73.Rc4 Bg3 74.Re4 Kf8 75.Ra4 Kg8 76.Ra8+ Kh7 77.Rd8 Be1
78.Rd3 Ba5 79.Rd7+ Kg8 80.Rd3 Kh7 81.Rd6 Bb4 82.Rb6 Bc3+ 83.Kf7 Bg7 84.Ra6 Nf3
85.Ra4 Ne5+ 86.Ke6 Kg6 87.Kd5 Kxg5 88.Ke4 Kg4 89.Ra7 Bf6 90.Ra6 Kg5 91.Ra1 Ng4
92.Rg1 Be5 93.Kf3 Kf5 94.Rh1 Nf6 95.Rf1 Ng4 96.Rh1 Kg5  1/2-1/2

[Event "FINEC GM"]
[Site "St Petersburg RUS"]
[Date "2009.01.30"]
[Round "3"]
[White "Goganov,A"]
[Black "Savchenko,S"]
[Result "1/2-1/2"]
[WhiteElo "2385"]
[BlackElo "2572"]

1.d4 d5 2.c4 c6 3.Nc3 Nf6 4.Nf3 dxc4 5.a4 Bf5 6.Ne5 Nbd7 7.Nxc4 Qc7 8.g3 e5
9.dxe5 Nxe5 10.Bf4 Nfd7 11.Bg2 g5 12.Ne3 gxf4 13.Nxf5 O-O-O 14.Qc2 Kb8 15.O-O-O fxg3
16.hxg3 Bb4  1/2-1/2

[Event "14th HIT Open"]
[Site "Nova Gorica SLO"]
[Date "2009.01.31"]
[Round "2"]
[White "Simutowe,A"]
[Black "Jovanic,O"]
[Result "1/2-1/2"]
[WhiteElo "2485"]
[BlackElo "2527"]

1.Nf3 d5 2.d4 Nf6 3.c4 c6 4.Nc3 dxc4 5.a4 Bf5 6.Ne5 Nbd7 7.Nxc4 Nb6 8.Ne5 a5
9.Bg5 g6 10.e3 Bg7 11.Be2 Nfd5 12.Nd3 O-O 13.O-O Nb4 14.Nc5 Nd7 15.N5e4 Nf6
16.f3 Nxe4 17.fxe4  1/2-1/2

[Event "14th HIT Open"]
[Site "Nova Gorica SLO"]
[Date "2009.02.01"]
[Round "3"]
[White "Cebalo,M"]
[Black "Simutowe,A"]
[Result "1/2-1/2"]
[WhiteElo "2509"]
[BlackElo "2485"]

1.d4 d5 2.c4 c6 3.Nf3 Nf6 4.Nc3 dxc4 5.a4 Bf5 6.Ne5 Nbd7 7.Nxc4 Nb6 8.Ne5 a5
9.Bg5 g6 10.e3 Bg7 11.Bd3 Be6 12.Be2 O-O 13.Nd3 h6 14.Bh4 Nfd5 15.Nc5 Bc8
16.O-O Qe8 17.Nxd5 Nxd5 18.Bc4 e5 19.Qb3 b6 20.Bxd5 bxc5 21.Bc4 exd4 22.exd4 Qe4
23.Bg3 Qxd4 24.Rad1 Qxb2  1/2-1/2

[Event "TCh-BEL 2008-9"]
[Site "Belgium BEL"]
[Date "2009.02.02"]
[Round "8"]
[White "Bertrem,S"]
[Black "Lemmers,O"]
[Result "1/2-1/2"]
[WhiteElo "2221"]
[BlackElo "2388"]

1.d4 d5 2.c4 c6 3.Nf3 Nf6 4.Nc3 dxc4 5.a4 Bf5 6.e3 e6 7.Bxc4 Bb4 8.O-O O-O
9.Nh4 Nbd7 10.Nxf5 exf5 11.Bd2 c5 12.Nd5 Bxd2 13.Qxd2 Rc8 14.Rfd1 Ne4 15.Qe2 Ndf6
16.dxc5 Rxc5 17.Nxf6+ Qxf6 18.Rd4 Qe7 19.Rad1 Rc7 20.Qf3 g6 21.Qf4 Rfc8 22.Bb3 Rc1
23.h4 Rxd1+ 24.Bxd1 Rd8 25.Bf3 Rxd4 26.exd4 Qd6  1/2-1/2

[Event "14th HIT Open"]
[Site "Nova Gorica SLO"]
[Date "2009.02.03"]
[Round "5"]
[White "Stajner,S"]
[Black "Jovanic,O"]
[Result "0-1"]
[WhiteElo "2278"]
[BlackElo "2527"]

1.d4 d5 2.c4 c6 3.Nf3 Nf6 4.Nc3 dxc4 5.a4 Bf5 6.e3 e6 7.Bxc4 Nbd7 8.O-O Bb4
9.Qe2 Bg6 10.Ne5 O-O 11.Nxg6 hxg6 12.Rd1 Qe7 13.e4 e5 14.d5 Nb6 15.Bb3 cxd5
16.a5 d4 17.axb6 dxc3 18.bxa7 cxb2 19.Bxb2 Bc5 20.Bd5 Rxa7 21.Rxa7 Bxa7 22.h3 Bc5
23.Qf3 Rd8 24.Qb3 Kf8 25.Rc1 b6 26.Qc3 Nxd5 27.exd5 Rxd5 28.Re1 f6 29.Ra1 Rd8
30.Qg3 Qf7 31.Ba3 Kg8 32.Bxc5 bxc5 33.Ra5 c4 34.Rc5 Rd4 35.Qc3 Kh7 36.Qb4 Qe7
37.Qb5 Qd6 38.Rc6 Rd1+ 39.Kh2 Qd4 40.Rxc4 Qxf2 41.Qb3 Rd4 42.Rc3 Qf4+ 43.Rg3 Rd7
44.Qb5 Rd1 45.Qb3 Re1 46.Qf3 Qd4 47.Rxg6 Qg1+ 48.Kg3 Re3  0-1

[Event "TCh-HUN 2008-9"]
[Site "Budapest HUN"]
[Date "2009.02.08"]
[Round "7"]
[White "Lalic,B"]
[Black "Pataki,G"]
[Result "1/2-1/2"]
[WhiteElo "2531"]
[BlackElo "2325"]

1.d4 d5 2.c4 c6 3.Nf3 Nf6 4.Nc3 dxc4 5.a4 Bf5 6.Ne5 Nbd7 7.Nxc4 Qc7 8.g3 e5
9.dxe5 Nxe5 10.Bf4 Nfd7 11.Bg2 g5 12.Ne3 gxf4 13.Nxf5 O-O-O 14.Qc2 Nc5 15.O-O fxg3
16.hxg3 Ne6 17.Qe4 Nc5 18.Qc2 Ne6 19.Qe4 Nc5 20.Qc2  1/2-1/2

[Event "TCh-HUN 2008-9"]
[Site "Kazincbarcika HUN"]
[Date "2009.02.08"]
[Round "7"]
[White "Lukacs,P"]
[Black "Kiss,Pa1"]
[Result "1/2-1/2"]
[WhiteElo "2423"]
[BlackElo "2389"]

1.d4 d5 2.c4 c6 3.Nc3 Nf6 4.Nf3 dxc4 5.a4 Bf5 6.e3 e6 7.Bxc4 Bb4 8.O-O O-O
9.Qe2 Nbd7 10.e4 Bg6 11.Bd3 Bh5 12.e5 Nd5 13.Nxd5 cxd5 14.Qe3 Re8 15.Bd2 Qa5
16.Bxb4 Qxb4 17.Qd2 Qxd2 18.Nxd2 Rec8 19.Rfc1  1/2-1/2

[Event "ch-CZE"]
[Site "Decin CZE"]
[Date "2009.02.10"]
[Round "1"]
[White "Stocek,J"]
[Black "Meduna,E1"]
[Result "1/2-1/2"]
[WhiteElo "2586"]
[BlackElo "2461"]

1.d4 Nf6 2.Nf3 d5 3.c4 c6 4.Nc3 dxc4 5.a4 Bf5 6.e3 e6 7.Bxc4 Bb4 8.O-O Nbd7
9.Qe2 O-O 10.e4 Bg6 11.Bd3 Bh5 12.e5 Nd5 13.Nxd5 cxd5 14.Qe3 Bg6 15.Ng5 Re8
16.Bxg6 fxg6 17.a5 Nf8 18.a6 Qb6 19.Qd3 Be7 20.Nf3 Rec8 21.h4 Rc6 22.axb7 Qxb7
23.g3 a5 24.Bd2 a4 25.Ra2 Rb6 26.Bc3 a3 27.bxa3 Rxa3 28.Rxa3 Bxa3 29.Kg2 Be7
30.Ra1 h6 31.Bd2 Kf7 32.Qc2 Rb3 33.Ra7 Qxa7 34.Qxb3 Qa6 35.Qb8 Nd7 36.Qc7 Ke8
37.Ba5 Qb5 38.Qc8+ Kf7 39.Bd8 Bxd8 40.Qxd8 Nf8 41.Qc7+ Kg8 42.Ng1 Qd3 43.Nf3 Qe4
44.Qe7 Qf5 45.Qa3 Qe4 46.Qe7 Qf5 47.Qa3 Qe4 48.Qe3 Qf5 49.Ne1 Nh7 50.Qf3 Qb1
51.Nd3 Qb3 52.Qg4 Nf8 53.Nc5 Qc2 54.Qf3 Qf5 55.Qe3 Kh7 56.Qd2 Kg8 57.Qc1 Kh7
58.Qd2 Kg8 59.Qc1 Kh7 60.f3 Kg8 61.g4 Qf7 62.Kg3 Qa7 63.Qb2  1/2-1/2

[Event "TCh-BEL 2008-9"]
[Site "Belgium BEL"]
[Date "2009.02.15"]
[Round "9"]
[White "Fridman,D2"]
[Black "Lobzhanidze,D"]
[Result "1/2-1/2"]
[WhiteElo "2630"]
[BlackElo "2495"]

1.d4 d5 2.c4 c6 3.Nf3 Nf6 4.Nc3 dxc4 5.a4 Bf5 6.Nh4 Bg4 7.h3 Bh5 8.g4 Bg6
9.Bg2 e6 10.Nxg6 hxg6 11.e4 Na6 12.g5 Nd7 13.Bf1 Nb4 14.Bxc4 Be7 15.f4 Nb6
16.Bb3 c5 17.a5 cxd4 18.axb6 dxc3 19.Qxd8+ Bxd8 20.Rxa7 Nd3+ 21.Ke2 Nxc1+
22.Rxc1 cxb2 23.Ba4+ Kf8 24.Rb1 Rb8 25.Rxb2 Rxh3 26.Rb5 Rc3 27.Rb1 e5 28.fxe5 Bxg5
29.Rd1 Re3+ 30.Kf1 Rxe4 31.Rd7 Rxe5 32.Raxb7 Rxb7 33.Rxb7 Rf5+ 34.Kg2 Bf4
35.Rd7 g5 36.b7 g6 37.Rd4 Bc7 38.Rc4 Bd6 39.Rc8+ Kg7 40.b8=Q Bxb8 41.Rxb8 Rf4
42.Bb3 Kh7 43.Kg3 Kg7 44.Rb7 Kg8 45.Rb5 Rf5 46.Rb6 Kg7 47.Kg4 Kh6 48.Rb7 Rf4+
49.Kg3 Kg7 50.Rc7 Rf5 51.Kg4 Kh6 52.Bxf7 Rxf7  1/2-1/2

[Event "ch-CZE"]
[Site "Decin CZE"]
[Date "2009.02.15"]
[Round "6"]
[White "Studnicka,Toma"]
[Black "Meduna,E1"]
[Result "1/2-1/2"]
[WhiteElo "2317"]
[BlackElo "2461"]

1.d4 Nf6 2.Nf3 d5 3.c4 c6 4.Nc3 dxc4 5.a4 Bf5 6.Ne5 Nbd7 7.Nxc4 Qc7 8.g3 e5
9.dxe5 Nxe5 10.Bf4 Rd8 11.Qc1 Bd6 12.Nxd6+ Qxd6 13.Bg2 Qe7 14.O-O a5 15.b3 O-O
16.Qb2 Ng6 17.Be3 Be6 18.Rfc1 Rfe8 19.Bb6 Rd7 20.Na2 Bd5 21.Bf1 Qe6 22.Nc3 Nf4
23.Nxd5 N6xd5 24.Bxa5 Nh3+ 25.Bxh3 Qxh3 26.Rc4 Rde7 27.Re1 g5 28.Qd2 Re5
29.Bc3 Nxc3 30.Rxc3 R8e6 31.e4 g4 32.Rce3 c5 33.Qd8+ Kg7 34.Qh4 Qxh4 35.gxh4 Kg6
36.Kg2 Kh5 37.Kg3 Rd6 38.f4 gxf3 39.Rxf3 Kg6 40.Kf4 f6 41.Rg1+ Kf7 42.Rfg3 Rd4
43.Rg7+ Ke6 44.Re1 Rb4 45.Re3 h5 46.Rc7 Kd6 47.Rc8 Kd7 48.Rb8 b6 49.Rb7+ Ke6
50.Rb8 Kd7 51.Rf8 Ke7 52.Ra8 c4 53.Ra7+ Kf8 54.bxc4 Rxc4 55.Rb7  1/2-1/2

[Event "Winter Open"]
[Site "Stillwater USA"]
[Date "2009.02.15"]
[Round "5"]
[White "Baginskaite,C"]
[Black "Holt,C"]
[Result "1/2-1/2"]
[WhiteElo "2309"]
[BlackElo "2254"]

1.d4 d5 2.c4 c6 3.Nf3 Nf6 4.Nc3 dxc4 5.a4 Bf5 6.e3 e6 7.Bxc4 Bb4 8.O-O O-O
9.Qb3 Qe7 10.a5 Rc8 11.Ra4 Bd6 12.Re1 Ne4 13.Nxe4 Bxe4 14.Nd2 Bg6 15.e4 Qc7
16.e5 Bf8 17.Ne4 Nd7 18.Nd6 Rcb8 19.Bf4 b5 20.axb6 Nxb6 21.Ra2 Nd5 22.Qf3 Nb4
23.Ra4 Nc2 24.Rc1 Rxb2 25.h4 Nxd4 26.Qc3 Ne2+ 27.Bxe2 Rxe2 28.Rc4 Qb6 29.Be3 Qd8
30.Rxc6 Qxh4 31.Rc8 Rxc8 32.Qxc8 Qb4 33.Nb7 h6 34.Nc5 Re1+ 35.Rxe1 Qxe1+
36.Kh2 Qc3 37.Qb8 Kh7 38.Qxf8 Qxe5+ 39.Kg1 Qa1+ 40.Kh2 Qe5+  1/2-1/2

[Event "ch-VIE Stage1"]
[Site "Ha Noi VIE"]
[Date "2009.02.17"]
[Round "4"]
[White "Bui Vinh"]
[Black "Dao Thien Hai"]
[Result "1/2-1/2"]
[WhiteElo "2509"]
[BlackElo "2543"]

1.d4 d5 2.c4 c6 3.Nc3 Nf6 4.Nf3 dxc4 5.a4 Bf5 6.e3 e6 7.Bxc4 Bb4 8.O-O Nbd7
9.Qe2 O-O 10.Rd1 Bg4 11.h3 Bh5 12.e4 Qa5 13.Bd2 Rac8 14.e5 Nd5 15.Ne4 Bxd2
16.Qxd2  1/2-1/2